=LDR 00000nam 2200000 4500 =001 000349 =005 20250710024710 =035 ##$$a 0010-0725000205 =007 ta =008 250710################a##########0#ind## =020 ##$$a 978-602-1101-51-3 =082 ##$$a 398.209 598 =084 ##$$a 398.209 598 AFI m =100 #$$a Afita Martalia Andrinas Putri =245 1#$$a Memasang Bubu /$c Afita Martalia Andrinas Putri =260 ##$$a Tanimulya :$b Yayasan Litara,$c 2021 =300 ##$$a 24 hlm. : $b Ilus. ; $c 21x29,7 cm. =856 ##$$a TBM AS SUHADA =990 ##$$a TBM00650065